|
|
|
|
| LEADER |
00000cam a22000004a 4500 |
| 001 |
musev2_58989 |
| 003 |
MdBmJHUP |
| 005 |
20230905050046.0 |
| 006 |
m o d |
| 007 |
cr||||||||nn|n |
| 008 |
171024s2018 iau o 00 0 eng d |
| 010 |
|
|
|z 2017050861
|
| 020 |
|
|
|a 9781609385767
|
| 020 |
|
|
|z 9781609385750
|
| 035 |
|
|
|a (OCoLC)1008775969
|
| 040 |
|
|
|a MdBmJHUP
|c MdBmJHUP
|
| 100 |
1 |
|
|a McNally, John,
|d 1965-
|e author.
|
| 245 |
1 |
4 |
|a The Promise of Failure :
|b One Writer's Perspective on Not Succeeding /
|c John McNally.
|
| 264 |
|
1 |
|a Iowa City :
|b University Of Iowa Press,
|c 2018.
|
| 264 |
|
3 |
|a Baltimore, Md. :
|b Project MUSE,
|c 2018
|
| 264 |
|
4 |
|c ©2018.
|
| 300 |
|
|
|a 1 online resource (140 pages).
|
| 336 |
|
|
|a text
|b txt
|2 rdacontent
|
| 337 |
|
|
|a computer
|b c
|2 rdamedia
|
| 338 |
|
|
|a online resource
|b cr
|2 rdacarrier
|
| 505 |
0 |
|
|a Rejection, Failure, and the Bigger Picture (A Personal History) -- Prepared Spirits (Author Stakes and Risking Failure) -- The Life You Save May Be Your Own, Redux (Depression and Failure) -- To the Stars on the Wings of a Pig (Reinvention, Genre-Hopping, and Collaboration) -- 194 Days(When to Quit & When to Keep Going) -- Conclusion.
|
| 588 |
|
|
|a Description based on print version record.
|
| 600 |
1 |
0 |
|a McNally, John,
|d 1965-
|
| 650 |
|
7 |
|a Self-realization.
|2 fast
|0 (OCoLC)fst01111892
|
| 650 |
|
7 |
|a Failure (Psychology)
|2 fast
|0 (OCoLC)fst00919841
|
| 650 |
|
7 |
|a Creative writing.
|2 fast
|0 (OCoLC)fst00882489
|
| 650 |
|
7 |
|a Authorship.
|2 fast
|0 (OCoLC)fst00822442
|
| 650 |
|
7 |
|a Authors, American.
|2 fast
|0 (OCoLC)fst00821764
|
| 650 |
|
7 |
|a LITERARY CRITICISM
|x American
|x General.
|2 bisacsh
|
| 650 |
|
7 |
|a BIOGRAPHY & AUTOBIOGRAPHY
|x Literary.
|2 bisacsh
|
| 650 |
|
7 |
|a REFERENCE
|x Writing Skills.
|2 bisacsh
|
| 650 |
|
7 |
|a authorship.
|2 aat
|
| 650 |
|
6 |
|a Creation litteraire.
|
| 650 |
|
6 |
|a Art d'ecrire.
|
| 650 |
|
6 |
|a Realisation de soi.
|
| 650 |
|
6 |
|a Échec.
|
| 650 |
|
6 |
|a Écrivains americains
|y 21e siecle
|v Biographies.
|
| 650 |
|
2 |
|a Authorship
|
| 650 |
|
0 |
|a Creative writing.
|
| 650 |
|
0 |
|a Authorship.
|
| 650 |
|
0 |
|a Self-realization.
|
| 650 |
|
0 |
|a Failure (Psychology)
|
| 650 |
|
0 |
|a Authors, American
|y 21st century
|v Biography.
|
| 655 |
|
7 |
|a Biographies.
|2 fast
|0 (OCoLC)fst01919896
|
| 655 |
|
7 |
|a Electronic books.
|2 local
|
| 710 |
2 |
|
|a Project Muse.
|e distributor
|
| 830 |
|
0 |
|a Book collections on Project MUSE.
|
| 856 |
4 |
0 |
|z Texto completo
|u https://projectmuse.uam.elogim.com/book/58989/
|
| 945 |
|
|
|a Project MUSE - Custom Collection
|
| 945 |
|
|
|a Project MUSE - 2018 Complete
|
| 945 |
|
|
|a Project MUSE - 2018 Literature
|